<?xml version="1.0" encoding="UTF-8"?><?xml-stylesheet type="text/xsl" href="static/style.xsl"?><OAI-PMH xmlns="http://www.openarchives.org/OAI/2.0/" xmlns:xsi="http://www.w3.org/2001/XMLSchema-instance" xsi:schemaLocation="http://www.openarchives.org/OAI/2.0/ http://www.openarchives.org/OAI/2.0/OAI-PMH.xsd"><responseDate>2026-06-01T12:31:52Z</responseDate><request verb="GetRecord" identifier="oai:riuma.uma.es:10630/22961" metadataPrefix="marc">https://riuma.uma.es/rest/oai/request</request><GetRecord><record><header><identifier>oai:riuma.uma.es:10630/22961</identifier><datestamp>2026-02-03T12:15:07Z</datestamp><setSpec>com_10630_2254</setSpec><setSpec>col_10630_37959</setSpec></header><metadata><record xmlns="http://www.loc.gov/MARC21/slim" xmlns:dcterms="http://purl.org/dc/terms/" xmlns:doc="http://www.lyncode.com/xoai" xmlns:xsi="http://www.w3.org/2001/XMLSchema-instance" xsi:schemaLocation="http://www.loc.gov/MARC21/slim http://www.loc.gov/standards/marcxml/schema/MARC21slim.xsd">
   <leader>00925njm 22002777a 4500</leader>
   <datafield ind2=" " ind1=" " tag="042">
      <subfield code="a">dc</subfield>
   </datafield>
   <datafield ind2=" " ind1=" " tag="720">
      <subfield code="a">Cañete Valverde, Ángel Jesús</subfield>
      <subfield code="e">author</subfield>
   </datafield>
   <datafield ind2=" " ind1=" " tag="720">
      <subfield code="a">Fuentes-Fernández, Lidia</subfield>
      <subfield code="e">author</subfield>
   </datafield>
   <datafield ind2=" " ind1=" " tag="720">
      <subfield code="a">Amor-Pinilla, María Mercedes</subfield>
      <subfield code="e">author</subfield>
   </datafield>
   <datafield ind2=" " ind1=" " tag="260">
      <subfield code="c">2021-09</subfield>
   </datafield>
   <datafield ind2=" " ind1=" " tag="520">
      <subfield code="a">In order to lower latency and reduce energy consumption, Edge Computing proposes offloading some computation intensive tasks usually performed in the Cloud onto nearby devices in the frontier/Edge of the access networks. However, current task offloading approaches are often quite simple. They neither consider the high diversity of hardware and software technologies present in edge network devices, nor take into account that some tasks may require some specific software and hardware infrastructure to be executed. This paper proposes a task offloading process that leans on Software Product Line technologies, which are a very good option to model the variability of software and hardware present in edge environments. Firstly, our approach automates the separation of application tasks, considering the data and operation needs and restrictions among them, and identifying the hardware and software resources required by each task. Secondly, our approach models and manages separately the infrastructure available for task offloading, as a set of nodes that provide certain hardware and software resources. This separation allows to reason about alternative offloading of tasks with different hardware and software resource requirements, in heterogeneous nodes and minimizing energy consumption. In addition, the offloading process considers alternative implementations of tasks to choose the one that best fits the hardware and software characteristics of available edge network infrastructure. The experimental results shows that our approach reduces the energy consumption in the user node by approximately 41%–62%, and the energy consumption of the devices involved in a task offloading solution by 34-48%</subfield>
   </datafield>
   <datafield ind1="8" ind2=" " tag="024">
      <subfield code="a">https://hdl.handle.net/10630/22961</subfield>
   </datafield>
   <datafield tag="653" ind2=" " ind1=" ">
      <subfield code="a">Energía - Consumo - Estudios, ensayos, conferencias, etc.</subfield>
   </datafield>
   <datafield tag="653" ind2=" " ind1=" ">
      <subfield code="a">Internet de los objetos - Estudios, ensayos, conferencias, etc.</subfield>
   </datafield>
   <datafield ind2="0" ind1="0" tag="245">
      <subfield code="a">Energy-efficient Deployment of IoT Applications in Edge-based Infrastructures: A Software Product Line Approach</subfield>
   </datafield>
</record>
</metadata></record></GetRecord></OAI-PMH>